[Event "Lasker Memorial op-A"]
[Site "Barlinek"]
[Date "2006.06.08"]
[Round "6"]
[White "Mouiwid, Jury"]
[Black "Siwiec, Arkadiusz"]
[Result "1-0"]
[WhiteElo "2239"]
[BlackElo "1957"]
[PlyCount "62"]
[EventDate "2006.06.03"]
[EventType "swiss"]
[EventRounds "9"]
[EventCountry "POL"]
[SourceTitle "CBM 112 Extra"]
[Source "ChessBase"]
[SourceDate "2006.07.14"]
[SourceVersion "1"]
[SourceVersionDate "2006.07.14"]
[SourceQuality "1"]

1. d4 d5 2. c4 e6 3. Nc3 f5 4. g3 c6 5. Bg2 Bd6 6. Nh3 Nf6 7. Bf4 0-0 8. c5 Be7 9. 0-0 b6 10. b4 Nfd7 11. Qd2 h6 12. Bxb8 Rxb8 13. Nf4 Rf6 14. Qe3 Nf8 15. Nd3 Nd7 16. Nf4 Nf8 17. Rfd1 Kh7 18. h4 Ng6 19. Nh3 f4 20. Qd3 bxc5 21. bxc5 Kg8 22. h5 Nf8 23. Nxf4 Rf7 24. Bf3 e5 25. dxe5 Bxc5 26. Ncxd5 Qg5 27. e3 Kh8 28. Qc4 Ne6 29. Ng6+ Kg8 30. Ndf4 Nxf4 31. Qxc5 Nxg6 1-0

[Event "Lasker Memorial op-A"]
[Site "Barlinek"]
[Date "2006.06.07"]
[Round "5"]
[White "Mouiwid, Jury"]
[Black "Tokarski, Bartosz"]
[Result "1/2-1/2"]
[WhiteElo "2239"]
[BlackElo "2004"]
[PlyCount "87"]
[EventDate "2006.06.03"]
[EventType "swiss"]
[EventRounds "9"]
[EventCountry "POL"]
[SourceTitle "CBM 112 Extra"]
[Source "ChessBase"]
[SourceDate "2006.07.14"]
[SourceVersion "1"]
[SourceVersionDate "2006.07.14"]
[SourceQuality "1"]

1. d4 g6 2. c4 Bg7 3. Nc3 d6 4. e4 Nd7 5. Bg5 h6 6. Be3 Ngf6 7. Be2 e5 8. d5 0-0 9. g4 Ne8 10. h4 c6 11. Qd2 Kh7 12. h5 g5 13. Nh3 Bf6 14. f3 Rg8 15. Kf1 Qa5 16. Kg2 a6 17. a3 c5 18. b4 Qc7 19. Nf2 Be7 20. Rhc1 b6 21. Bd1 Ndf6 22. Ba4 Bd7 23. Bxd7 Nxd7 24. Ne2 Ng7 25. Ng3 Rgb8 26. Nd3 Bd8 27. Qc3 Nf6 28. Rc2 Rb7 29. Rb1 Rab8 30. Rcb2 Ng8 31. Rb3 f6 32. Qb2 Be7 33. a4 Bf8 34. Bf2 Kh8 35. Nf1 Ne8 36. Nd2 Kg7 37. Nf1 Kf7 38. Ng3 Ng7 39. Qc2 Ke8 40. Qb2 Kd8 41. bxc5 dxc5 42. Be3 Kc8 43. Ne2 Ne8 44. Qc2 1/2-1/2

[Event "Lasker Memorial op-A"]
[Site "Barlinek"]
[Date "2006.06.05"]
[Round "3"]
[White "Czaus, Piotr"]
[Black "Mouiwid, Jury"]
[Result "0-1"]
[WhiteElo "1799"]
[BlackElo "2239"]
[PlyCount "82"]
[EventDate "2006.06.03"]
[EventType "swiss"]
[EventRounds "9"]
[EventCountry "POL"]
[SourceTitle "CBM 112 Extra"]
[Source "ChessBase"]
[SourceDate "2006.07.14"]
[SourceVersion "1"]
[SourceVersionDate "2006.07.14"]
[SourceQuality "1"]

1. d4 g6 2. c4 Bg7 3. Nc3 d6 4. e4 Nc6 5. Be3 e5 6. d5 Nce7 7. Be2 f5 8. f3 Nf6 9. g4 0-0 10. gxf5 gxf5 11. Qd2 f4 12. Bf2 Ng6 13. 0-0-0 a6 14. Bf1 b6 15. h4 Nh5 16. Nge2 Kh8 17. Bh3 Bxh3 18. Rxh3 Bf6 19. b4 Rg8 20. Rg1 Qd7 21. Rh2 a5 22. b5 Ne7 23. Qe1 Rxg1 24. Qxg1 Rg8 25. Rg2 Qh3 26. Rxg8+ Nxg8 27. Qg4 Qf1+ 28. Kc2 Qxf2 29. Qxh5 Qxh4 30. Qxh4 Bxh4 31. Ng1 Kg7 32. Kd2 Bf2 33. Nh3 Be3+ 34. Ke2 Kg6 35. Kf1 Kh5 36. Kg2 Kh4 37. a4 Nf6 38. Nd1 Nd7 39. Nhf2 Nc5 40. Nb2 Bxf2 41. Kxf2 Kh3 0-1

[Event "Dunajska Streda op"]
[Site "Dunajska Streda"]
[Date "1999.06.18"]
[Round "9"]
[White "Makeev, Viktor"]
[Black "Mouiwid, Jury"]
[Result "0-1"]
[WhiteElo "2115"]
[BlackElo "2245"]
[PlyCount "114"]
[EventDate "1999.06.12"]
[EventType "swiss"]
[EventRounds "9"]
[EventCountry "SVK"]
[SourceTitle "EXT 2006"]
[Source "ChessBase"]
[SourceDate "2005.11.24"]
[SourceVersion "1"]
[SourceVersionDate "2005.11.24"]
[SourceQuality "1"]

1. d4 Nf6 2. c4 e6 3. Nc3 Bb4 4. e3 0-0 5. Nf3 c5 6. a3 Bxc3+ 7. bxc3 d6 8. Bd3 Nc6 9. 0-0 e5 10. Qc2 h6 11. d5 Na5 12. Nd2 b6 13. f4 Qe7 14. f5 e4 15. Nxe4 Nxe4 16. Bxe4 Nxc4 17. f6 gxf6 18. Rf3 Kh8 19. Rg3 Rg8 20. Rxg8+ Kxg8 21. Bd3 Ne5 22. Bf5 Bxf5 23. Qxf5 Kg7 24. Qf2 Qd7 25. h3 Rh8 26. Bd2 Qe7 27. Rf1 Ng6 28. c4 Re8 29. h4 Qe5 30. e4 Rh8 31. Kh1 Qe7 32. Bc3 Ne5 33. Qg3+ Kf8 34. Qf4 h5 35. Qf5 Ng4 36. Qf4 Rh6 37. Rf3 Rg6 38. Qf5 Qe8 39. Qf4 Qd7 40. Rf1 Kg7 41. Ba1 Kf8 42. Bc3 Ke7 43. Qd2 Kd8 44. Qb2 Ke7 45. Qd2 Qa4 46. Qd3 Qd7 47. Qd2 Kf8 48. Qf4 Kg7 49. Ba1 Qe7 50. Bc3 Ne5 51. Bxe5 Qxe5 52. Qf3 Rg4 53. Re1 Rxh4+ 54. Kg1 Qh2+ 55. Kf2 Rf4 56. Ke3 Rxf3+ 57. Kxf3 h4 0-1

[Event "Dunajska Streda op"]
[Site "Dunajska Streda"]
[Date "1999.06.17"]
[Round "8"]
[White "Mouiwid, Jury"]
[Black "Grof, Stefan"]
[Result "1-0"]
[WhiteElo "2245"]
[BlackElo "1926"]
[PlyCount "55"]
[EventDate "1999.06.12"]
[EventType "swiss"]
[EventRounds "9"]
[EventCountry "SVK"]
[SourceTitle "EXT 2006"]
[Source "ChessBase"]
[SourceDate "2005.11.24"]
[SourceVersion "1"]
[SourceVersionDate "2005.11.24"]
[SourceQuality "1"]

1. d4 Nf6 2. c4 e6 3. Nf3 b6 4. a3 Bb7 5. Nc3 d5 6. Qa4+ Qd7 7. Nb5 Bc6 8. Ne5 Bxb5 9. cxb5 Qc8 10. Bf4 Bd6 11. e3 0-0 12. Bd3 Nh5 13. Qc2 h6 14. Bh7+ Kh8 15. Nxf7+ Rxf7 16. Bxd6 Nf6 17. Bg6 Rd7 18. Be5 Qf8 19. 0-0 a6 20. a4 Qd8 21. Rfc1 Ra7 22. h3 Ne8 23. Qe2 Nd6 24. Bd3 axb5 25. axb5 Rxa1 26. Rxa1 c5 27. Qh5 c4 28. Qxh6+ 1-0

[Event "Dunajska Streda op"]
[Site "Dunajska Streda"]
[Date "1999.06.13"]
[Round "3"]
[White "Teterev, Vitaly"]
[Black "Mouiwid, Jury"]
[Result "1-0"]
[WhiteElo "2078"]
[BlackElo "2245"]
[PlyCount "77"]
[EventDate "1999.06.12"]
[EventType "swiss"]
[EventRounds "9"]
[EventCountry "SVK"]
[SourceTitle "EXT 2006"]
[Source "ChessBase"]
[SourceDate "2005.11.24"]
[SourceVersion "1"]
[SourceVersionDate "2005.11.24"]
[SourceQuality "1"]

1. e4 c5 2. Nf3 g6 3. d4 cxd4 4. Nxd4 Bg7 5. c4 Nc6 6. Be3 Nf6 7. Nc3 Ng4 8. Qxg4 Nxd4 9. Qd1 Ne6 10. Qd2 Qa5 11. Rc1 0-0 12. Bd3 d6 13. 0-0 Rd8 14. a3 Bd7 15. b4 Qxa3 16. Nd5 Re8 17. Rc2 a5 18. Ra2 axb4 19. Rxa3 bxa3 20. Bb1 Bc6 21. Ba2 Bb2 22. f4 Nc5 23. Nxe7+ Rxe7 24. Qxd6 Nxe4 25. Qxe7 Re8 26. Qc7 Nc3 27. f5 g5 28. Bxg5 Re2 29. Qb8+ Re8 30. Bd8 Nxa2 31. Qg3+ Kh8 32. Qg5 Bd4+ 33. Kh1 Nb4 34. Bf6+ Bxf6 35. Qxf6+ Kg8 36. Qg5+ Kh8 37. Rd1 Nd3 38. f6 Rg8 39. Qxg8+ 1-0

[Event "Dunajska Streda op"]
[Site "Dunajska Streda"]
[Date "1998.??.??"]
[Round "?"]
[White "Kalousek, Vladimir"]
[Black "Mouiwid, Jury"]
[Result "0-1"]
[WhiteElo "2255"]
[BlackElo "2120"]
[PlyCount "70"]
[EventDate "1998.??.??"]
[EventType "swiss"]
[EventRounds "9"]
[EventCountry "SVK"]
[SourceTitle "EXT 2003"]
[Source "ChessBase"]
[SourceDate "2002.11.25"]
[SourceVersion "1"]
[SourceVersionDate "2002.11.25"]
[SourceQuality "1"]

1. d4 g6 2. e4 Bg7 3. c4 d6 4. f4 c5 5. d5 e6 6. Nf3 exd5 7. cxd5 Nf6 8. Nc3 0-0 9. Be2 Re8 10. e5 dxe5 11. fxe5 Ng4 12. Bg5 Qa5 13. 0-0 Nxe5 14. Ne4 c4 15. Nxe5 Rxe5 16. Nf6+ Kh8 17. Bh4 Bf5 18. Kh1 Qd8 19. Bg3 Bxf6 20. Bxe5 Bxe5 21. h3 Nd7 22. Bg4 Qh4 23. Qe1 Qxe1 24. Raxe1 Bxg4 25. hxg4 Kg7 26. Re2 h6 27. Rfe1 f6 28. Rc1 b5 29. Rec2 Rc8 30. a4 a6 31. axb5 axb5 32. Ra1 Rc7 33. Kg1 Nc5 34. Kf1 g5 35. Ke2 Nb3 0-1

[Event "Dunajska Streda op"]
[Site "Dunajska Streda"]
[Date "1998.??.??"]
[Round "?"]
[White "Mouiwid, Jury"]
[Black "Bogacov, Alexei"]
[Result "1-0"]
[WhiteElo "2255"]
[BlackElo "2030"]
[PlyCount "91"]
[EventDate "1998.??.??"]
[EventType "swiss"]
[EventRounds "9"]
[EventCountry "SVK"]
[SourceTitle "EXT 2003"]
[Source "ChessBase"]
[SourceDate "2002.11.25"]
[SourceVersion "1"]
[SourceVersionDate "2002.11.25"]
[SourceQuality "1"]

1. d4 Nf6 2. c4 e5 3. dxe5 Ng4 4. e4 Nxe5 5. Be3 Bb4+ 6. Nd2 Qe7 7. Be2 Nbc6 8. Rc1 0-0 9. Nh3 Ng6 10. Qc2 Bxd2+ 11. Kxd2 Re8 12. f3 f5 13. c5 fxe4 14. Qb3+ Kh8 15. Ng5 d5 16. cxd6 Qxd6+ 17. Kc2 Be6 18. Qxe6 Qxe6 19. Nxe6 Rxe6 20. Bc4 Re7 21. f4 Rd8 22. a3 Nd4+ 23. Kb1 Red7 24. g4 Nh4 25. f5 Nhf3 26. Bf4 c6 27. h4 Re8 28. Rcd1 Ne5 29. Be6 Nxe6 30. Bxe5 Nc5 31. Rxd7 Nxd7 32. Bc3 Kg8 33. Re1 Kf7 34. g5 Nc5 35. Re3 Nd3 36. h5 Nf4 37. g6+ hxg6 38. hxg6+ Kg8 39. Bd4 b6 40. b4 Nd5 41. Re1 Nf4 42. Kc2 Ng2 43. Rh1 c5 44. f6 gxf6 45. Bxf6 Ne3+ 46. Kc1 1-0

[Event "Frydek Mistek op-B"]
[Site "Frydek Mistek"]
[Date "1997.??.??"]
[Round "3"]
[White "Turecki, Piotr"]
[Black "Mouiwid, Jury"]
[Result "1-0"]
[WhiteElo "2095"]
[BlackElo "2300"]
[PlyCount "50"]
[EventDate "1997.??.??"]
[EventType "swiss"]
[EventRounds "9"]
[EventCountry "CZE"]
[SourceTitle "EXT 1998"]
[Source "ChessBase"]
[SourceDate "1997.11.17"]
[SourceVersion "1"]
[SourceVersionDate "1997.11.17"]
[SourceQuality "1"]

1. e4 c5 2. Nf3 g6 3. d4 cxd4 4. Qxd4 Nf6 5. e5 Nc6 6. Qa4 Nd5 7. Qb3 Nc7 8. Bc4 Ne6 9. Bxe6 dxe6 10. 0-0 Bg7 11. Bf4 Qc7 12. Nc3 a6 13. Rfe1 0-0 14. Rad1 b5 15. h4 Bb7 16. a4 b4 17. Ne4 Rab8 18. Nc5 Bc8 19. h5 Nd4 20. Rxd4 Qxc5 21. Red1 Bb7 22. hxg6 hxg6 23. Ng5 Bxe5 24. Qh3 Rfd8 25. Qh7+ Kf8 1-0